CHIARA E FRANCESCO (Record n. 105362)

Dettagli MARC
000 -LEADER
fixed length control field 02677agaaa2200313 4500
001 - CONTROL NUMBER
control field 8018
003 - CONTROL NUMBER IDENTIFIER
control field IT-RoPAU
005 - DATE AND TIME OF LATEST TRANSACTION
control field 20220918181232.0
007 - PHYSICAL DESCRIPTION FIXED FIELD--GENERAL INFORMATION
fixed length control field d cvaizq
008 - FIXED-LENGTH DATA ELEMENTS--GENERAL INFORMATION
fixed length control field 50131s9999||||xx ||| | || ||und||
040 ## - CATALOGING SOURCE
Original cataloging agency IT-RoPAU
Transcribing agency IT-RoPAU
041 ## - LANGUAGE CODE
Language code of text/sound track or separate title ITALIANO
100 ## - MAIN ENTRY--PERSONAL NAME
Personal name Costa Fabrizio
Miscellaneous information Codice regista SPICS: 50379
9 (RLIN) 40980
130 ## - MAIN ENTRY--UNIFORM TITLE
Uniform title CHIARA E FRANCESCO
9 (RLIN) 40981
245 ## - TITLE STATEMENT
Title CHIARA E FRANCESCO
Statement of responsibility, etc. Prodotto da: Bernabei Luca -- Sceneggiatura: Arlanch Francesco -- Diretto da: Costa Fabrizio
Name of part/section of a work CHIARA E FRANCESCO (Rif. Codice opera principale : H8018)
250 ## - EDITION STATEMENT
Edition statement Edizione Standard
260 ## - PUBLICATION, DISTRIBUTION, ETC. (IMPRINT)
Place of publication, distribution, etc. (ITALIA)
Name of publisher, distributor, etc. LUX VIDE - RAI FICTION / Distribuzione: MULTIMEDIA SAN PAOLO
Date of manufacture "2007 (1° ed.: 2007 ; Ed. Lingua Orig.: 2007)"
300 ## - PHYSICAL DESCRIPTION
Extent DVD
Other physical details sonoro, col.
Dimensions 200 minuti
508 ## - CREATION/PRODUCTION CREDITS NOTE
Creation/production credits note "Fotografia: Galasso Giovanni; Montaggio: Corradi Alessandro; Musica: Frisina Marco; Sceneggiatura: Arlanch Francesco; Scenografia: Formica Nino; "
511 ## - PARTICIPANT OR PERFORMER NOTE
Participant or performer note "Bassi Ettore; Petruolo Mary; Cirilli Gabriele; Marescotti Ivano; Diberti Luigi"
520 ## - SUMMARY, ETC.
Summary, etc. FILM TV TRASMESSO DALLA RAI IL 7 OTTOBRE 2007. ASSISI 1198. I BORGHESI - MOLTO RICCHI, POCO ARISTOCRATICI - ASSALTANO I PALAZZI DEI NOBILI - MOLTO ARISTOCRATICI, POCO RICCHI. DA UNA PARTE, ALLEGRO E SCATENATO A SCAGLIARE SASSI E MELAR LE MANI, FRANCESCO, FIGLIO DI BERNARDONE, MERCANTE DI TESSUTI. DALL'ALTRA, SCONCERTATA E SPAVENTATA, CHIARA, FIGLIA DI FAVARONE, D'ANTICO LIGNAGGIO. E' LA PRIMA VOLTA CHE GLI SGUARDI DI CHIARA E FRANCESCO SI INCONTRANO. LA SECONDA VOLTA, DUE ANNI DOPO, NON E' MENO MEMORABILE. COME TUTTI INOBILI DI ASSISI LA FAMIGLIA DI CHIARA E' FUGGITA A PERUGIA. NEL FRATTEMPOL'INSURREZIONE DEI BORGHESI FINISCE MALE. SULLE RIVE DEL TEVERE LE TRUPPE DEI BORGHESI SONO SCONFITTE DA QUELLE DEI NOBILI. E' UNA CARNEFICINA. FRANCESCO SCAMPA LA MORTE PER UN SOFFIO. E' FATTO PRIGIONIERO. CINQUE ANNI DOPO CHIARA E FRANCESCO SI RITROVANO AI DUE LATI DI UN TAVOLO, SI DISCUTE DEL FUTURO DEI DUE RAGAZZI. NELLA NOTTE DELLA DOMENICA DELLE PALME CHIARA FUGGE DI CASA. ALLA LUCE DELLE TORCE, IN UNA PICCOLA CHIESA CHE FRANCESCO HA RESTAURATO CON LE SUE MANI SI CELEBRA UN RITO: CHIARA SI PRIVA DEI SUOI CALZARI E INDOSSA UNA SEMPLICE TUNICA PREPARATA DAI FRATI E SI FA SUORA... ALTRA VERSIONE DELLE VITE DEI DUE SANTI.
538 ## - SYSTEM DETAILS NOTE
System details note PAL, STEREO
546 ## - LANGUAGE NOTE
Language note ITALIANO
650 ## - SUBJECT ADDED ENTRY--TOPICAL TERM
Topical term or geographic name as entry element RELIGIOSO - BIOGR
Relator term DVD-FILM [DVD]
General subdivision Codice MATERIA SPICS: 9947
9 (RLIN) 40982
700 ## - ADDED ENTRY--PERSONAL NAME
Personal name Arlanch Francesco
Relator term (soggetto)
Miscellaneous information Codice Soggetto SPICS: 58279
9 (RLIN) 40983
700 ## - ADDED ENTRY--PERSONAL NAME
Personal name Costa Fabrizio
Relator term (regista)
Miscellaneous information Codice regista SPICS: 50379
9 (RLIN) 40984
700 ## - ADDED ENTRY--PERSONAL NAME
Personal name Frisina Marco
Relator term (musica)
Miscellaneous information Codice Musica SPICS: 38406
9 (RLIN) 40985
942 ## - ADDED ENTRY ELEMENTS (KOHA)
Koha item type DVD
Source of classification or shelving scheme Dewey Decimal Classification
Dati di copia
Withdrawn status Lost status Damaged status Not for loan Home library Current library Date acquired Total Checkouts Full call number Date last seen Price effective from Koha item type Public note
    Buone Condizioni Not For Loan SPICS-MEDIATECA SPICS-MEDIATECA 31/01/2015   H8018 31/01/2015 31/01/2015 DVD Progr. Ins.: 3668 / N.Vol.:1 / Copie: 1 / Pag.:0 / Copia rara: n.d. / date import: 1.2.2015 / By Epidotti, Trombetti, Vaglietti
CREDITS: SOCIETA' SAN PAOLO Via A.Severo, 58 - ROMA (RM) & PERIODICI SAN PAOLO SRL Via Giotto, 36 MILANO & CISF Via Giotto, 36 MILANO & EDIZIONI SAN PAOLO SRL,  Piazza Soncino, 5 CINISELLO BALSAMO (MI) -- ITALY